000 00340nam a22001457a 4500
003 OSt
008 250502b |||||||| |||| 00| 0 eng d
100 _aGodese, Gopal
245 _aKutubminar H Vishnudhavaj
250 _a16th
260 _aNew Delhi
_bSurya Bharti Prakshan
_c2016
300 _a159
650 _aGeneral
942 _2ddc
_cBK
999 _c13493
_d13493